000
00269nam a2200097Ia 4500
008
120224s9999 xx 000 0 und d
082
_a
PC 100
_b
RUS
100
_a
Russell, Bertrand
245
_a
Problems of philosophy
260
_b
Williams and Norgate
_a
London
_c
1919
999
_c
99479
_d
99479